The essence of program design
Αποθηκεύτηκε σε:
| Κύριος συγγραφέας: | |
|---|---|
| Άλλοι συγγραφείς: | , |
| Μορφή: | Βιβλίο |
| Γλώσσα: | English |
| Δημοσίευση: |
Harlow :
Prentice Hall,
c1997
|
| Σειρά: | Essence of computing series
|
| Θέματα: | |
| Ετικέτες: |
Προσθήκη ετικέτας
Δεν υπάρχουν, Καταχωρήστε ετικέτα πρώτοι!
|
MARC
| LEADER | 00000nam a2200000 i 4500 | ||
|---|---|---|---|
| 001 | 1/16655 | ||
| 008 | 010202s1997 eng d | ||
| 020 | |a 0-13-367806-7 | ||
| 035 | |l 10065853 | ||
| 040 | |a GR-MY-UA |b gre |e aacr | ||
| 041 | 0 | |a eng | |
| 082 | 0 | |a 005.12 | |
| 100 | 1 | |a Bell, Doug |d 1944- | |
| 245 | 1 | 4 | |a The essence of program design / |c Douglas Bell, Ian Morrey and John Pugh |
| 260 | |a Harlow : |b Prentice Hall, |c c1997 | ||
| 300 | |a xiv, 194 p.; |b ill.; |c 24 cm. | ||
| 490 | 1 | |a Essence of computing series | |
| 504 | |a Includes bibliographical references and index | ||
| 650 | 0 | 0 | |a Programming (Computers) |
| 700 | 1 | |a Morrey, Ian |d 1948- | |
| 700 | 1 | |a Pugh, John R. |d 1950- | |
| 830 | 0 | |a Essence of computing series | |
| 852 | |a INST |b SYROS |e 20010924 |h 005.12 BEL |p 005500001128 |q 005500001128 |t BK |y 0 | ||
| 852 | |a INST |b SYROS |e 20010924 |h 005.12 BEL |p 005500001129 |q 005500001129 |t BK |y 0 | ||
| 852 | |a INST |b SYROS |e 20010202 |h 005.12 BEL |p 005500001497 |q 005500001497 |t BK |y 0 | ||
| 901 | |a BIBL5-2001-1 | ||
| 909 | |a Ε |b 084732 | ||
| 909 | |a Ε |b 088230 | ||
| 909 | |a Ε |b 088231 | ||
| 922 | |a 5ΕΛΗ |b 200012 |c ΓΡΑΦΙΚΩΝ ΤΕΧΝΩΝ |d ΜΙΧΑΛΟΠΟΥΛΟΣ | ||
| 922 | |a 5ΕΛΗ |b 200108 |c ΕΠΕΑΕΚ2/183 |d ΠΑΠΑΣΩΤΗΡΙΟΥ | ||
| 950 | |a 183-2000-12-07 | ||
| 970 | |a ΚΟΝΤΟΥ |b ΠΑΡΑΣΚΕΥΗ |z 2001/02/16 | ||